Whose Moustache is That? - Statistics

General Stats
  • This quiz has been taken 89 times
  • The average score is 11 of 24
Answer Stats
Picture Answer % Correct
Mohandas Gandhi
95%
Charlie Chaplin
87%
Hulk Hogan
82%
Freddie Mercury
75%
Martin Luther King
71%
Salvador Dali
67%
Saddam Hussein
64%
Steve Harvey
58%
Joseph Stalin
57%
Lionel Richie
55%
Bryan Cranston
48%
Groucho Marx
48%
Sacha Baron Cohen
47%
Theodore Roosevelt
46%
Eddie Murphy
40%
Mark Twain
30%
Walt Disney
30%
John Cleese
29%
Ambrose Burnside
24%
William Howard Taft
23%
Burt Reynolds
17%
Idris Elba
17%
Emiliano Zapata
14%
Nicolas Maduro
13%
No matching quizzes found
Score Distribution
Percent of People with Each Score
Percentile by Number Answered
Your Score History
You have not taken this quiz